Nuclear and particle physics / (Record no. 355528)

000 -LEADER
fixed length control field 01459cam a22003854a 4500
001 - CONTROL NUMBER
control field 15499742
003 - CONTROL NUMBER IDENTIFIER
control field Nust- CAS-E
005 - DATE AND TIME OF LATEST TRANSACTION
control field 20180118181404.0
008 - FIXED-LENGTH DATA ELEMENTS--GENERAL INFORMATION
fixed length control field 081027s2009 enka b 001 0 eng
010 ## - LIBRARY OF CONGRESS CONTROL NUMBER
LC control number 2008047076
020 ## - INTERNATIONAL STANDARD BOOK NUMBER
International Standard Book Number 9780470742747 (cloth)
020 ## - INTERNATIONAL STANDARD BOOK NUMBER
International Standard Book Number 0470742747 (cloth)
020 ## - INTERNATIONAL STANDARD BOOK NUMBER
International Standard Book Number 9780470742754 (pbk. : alk. paper)
020 ## - INTERNATIONAL STANDARD BOOK NUMBER
International Standard Book Number 0470742755 (pbk. : alk. paper)
035 ## - SYSTEM CONTROL NUMBER
System control number (OCoLC)ocn264671151
040 ## - CATALOGING SOURCE
Original cataloging agency DLC
Language of cataloging eng
Transcribing agency DLC
Modifying agency YDXCP
-- BWKUK
-- BWK
-- CDX
-- BTCTA
-- HEBIS
-- DEBBG
-- OCL
-- VP@
-- BDX
-- DLC
050 00 - LIBRARY OF CONGRESS CALL NUMBER
Classification number QC776
Item number .M34 2009
082 00 - DEWEY DECIMAL CLASSIFICATION NUMBER
Classification number 539.7
Edition number 22
Author Mark MAR 2009
084 ## - OTHER CLASSIFICATION NUMBER
Classification number UO 1000
Number source rvk
084 ## - OTHER CLASSIFICATION NUMBER
Classification number PHY 400f
Number source stub
100 1# - MAIN ENTRY--PERSONAL NAME
Personal name Martin, B. R.
Fuller form of name (Brian Robert)
245 10 - TITLE STATEMENT
Title Nuclear and particle physics /
Statement of responsibility, etc. B.R. Martin.
250 ## - EDITION STATEMENT
Edition statement 2nd ed.
260 ## - PUBLICATION, DISTRIBUTION, ETC.
Place of publication, distribution, etc. Chichester, U.K. :
Name of publisher, distributor, etc. Wiley,
Date of publication, distribution, etc. 2009.
300 ## - PHYSICAL DESCRIPTION
Extent xviii, 453 p. :
Other physical details ill. ;
Dimensions 26 cm.
502 ## - DISSERTATION NOTE
Dissertation note 0
504 ## - BIBLIOGRAPHY, ETC. NOTE
Bibliography, etc. note Includes bibliographical references (p. [437]-442) and index.
650 #0 - SUBJECT ADDED ENTRY--TOPICAL TERM
Topical term or geographic name entry element Nuclear physics
Form subdivision Textbooks.
650 #0 - SUBJECT ADDED ENTRY--TOPICAL TERM
Topical term or geographic name entry element Particles (Nuclear physics)
Form subdivision Textbooks.
655 #4 - INDEX TERM--GENRE/FORM
Genre/form data or focus term Lehrbuch.
856 41 - ELECTRONIC LOCATION AND ACCESS
Materials specified Table of contents
Uniform Resource Identifier <a href="http://bvbr.bib-bvb.de:8991/F?func=service&doc_library=BVB01&doc_number=018665365&line_number=0001&func_code=DB_RECORDS&service_type=MEDIA">http://bvbr.bib-bvb.de:8991/F?func=service&doc_library=BVB01&doc_number=018665365&line_number=0001&func_code=DB_RECORDS&service_type=MEDIA</a>
906 ## - LOCAL DATA ELEMENT F, LDF (RLIN)
a 7
b cbc
c orignew
d 1
e ecip
f 20
g y-gencatlg
942 ## - ADDED ENTRY ELEMENTS (KOHA)
Source of classification or shelving scheme
Koha item type Book
Holdings
Withdrawn status Lost status Source of classification or shelving scheme Damaged status Not for loan Collection code Permanent Location Current Location Shelving location Date acquired Source of acquisition Cost, normal purchase price Total Checkouts Full call number Barcode Date last seen Copy number Price effective from Koha item type
            US-Pakistan Center for Advanced Studies in Energy (USPCAS-E) US-Pakistan Center for Advanced Studies in Energy (USPCAS-E)   10/26/2015 Multiline Books 11288.00   539.7 MAR-N 2009 CAS-E0000668 10/26/2015 2 10/26/2015 Book
            US-Pakistan Center for Advanced Studies in Energy (USPCAS-E) US-Pakistan Center for Advanced Studies in Energy (USPCAS-E)   10/26/2015 Multiline Books 11288.00   539.7 MAR-N 2009 CAS-E0000669 10/26/2015 3 10/26/2015 Book
            US-Pakistan Center for Advanced Studies in Energy (USPCAS-E) US-Pakistan Center for Advanced Studies in Energy (USPCAS-E)   10/28/2015 Multiline Books 111288.00   539.7 MAR-N 2009 CAS-E0000617 10/28/2015   10/28/2015 Book
© 2023 Central Library, National University of Sciences and Technology. All Rights Reserved.